"Proceso", crisis y transición democrática (Registro nro. 6982)
[ vista simple ]
| 000 -LEADER | |
|---|---|
| fixed length control field | 01382 a2200217 4500 |
| 001 - CONTROL NUMBER | |
| control field | 60429 |
| 005 - DATE AND TIME OF LATEST TRANSACTION | |
| control field | 20260407155855.0 |
| 008 - FIXED-LENGTH DATA ELEMENTS--GENERAL INFORMATION | |
| fixed length control field | 260407a1984 arg spa d |
| 003 - CONTROL NUMBER IDENTIFIER | |
| control field | AR-UNSa-BCEJYS |
| 040 ## - CATALOGING SOURCE | |
| Original cataloging agency | AR-UNSa-BCEJYS |
| Language of cataloging | spa |
| Transcribing agency | AR-UNSa-BCEJYS |
| 080 ## - UNIVERSAL DECIMAL CLASSIFICATION NUMBER | |
| Universal Decimal Classification number | 94(82) |
| Common auxiliary subdivision | Historia de Argentina |
| 020 ## - INTERNATIONAL STANDARD BOOK NUMBER | |
| International Standard Book Number | 978-950-25-0044-7 |
| 041 ## - LANGUAGE CODE | |
| Language code of text/sound track or separate title | spa |
| 100 1# - MAIN ENTRY--PERSONAL NAME | |
| Personal name | Oszlak, Oscar |
| 245 10 - TITLE STATEMENT | |
| Title | "Proceso", crisis y transición democrática |
| 264 #1 - PRODUCTION, PUBLICATION, DISTRIBUTION, MANUFACTURE, AND COPYRIGHT NOTICE | |
| Place of production, publication, distribution, manufacture | Buenos Aires : |
| Name of producer, publisher, distributor, manufacturer | Centro Editor de America Latina |
| Date of production, publication, distribution, manufacture, or copyright notice | 1984 |
| 300 ## - PHYSICAL DESCRIPTION | |
| Extent | 163 p. |
| Dimensions | 18 cm. |
| 505 ## - FORMATTED CONTENTS NOTE | |
| Formatted contents note | 1. Democracia en Argentina: micro y macro / Guillermo O´Donnell - 2. Privatización autoritaria y recreación de la escena pública / Oscar Ozlak - 3. Organizaciones coorporativas y proceso democrático / Emilio J. Corbiere - 4. El "proceso de reorganización Nacional" y el sistema jurídico / Enrique Groisman - 5. Independencia, autogobierno y asocianismo de los jueces: por una práctica judicial alternativa/ Roberto Bergali - 6. Cultura y política en la transición democrática / Oscar Landi - 7. Algunos aspectos centrales de la cuestión universitaria en la Argentina de hoy / Enrique Oteiza - 8. La concertación social; una perspectiva sobre los instrumentos de regulación económico-social en procesos de democratización / María Grossi y Mario R. Dos Santos |
| 590 ## - LOCAL NOTE (RLIN) | |
| Local note | niveau_biblio:m niveau_hierar:0 |
| 942 ## - ADDED ENTRY ELEMENTS (KOHA) | |
| Koha item type | |
| Withdrawn status | Lost status | Damaged status | Not for loan | Home library | Current library | Shelving location | Date acquired | Total checkouts | Full call number | Barcode | Date last seen | Price effective from | Koha item type |
|---|---|---|---|---|---|---|---|---|---|---|---|---|---|
| Biblioteca Prof. Eusebio Cleto del Rey | Biblioteca Prof. Eusebio Cleto del Rey | 07/04/2026 | 94(82) O81 | L129171 | 07/04/2026 | 07/04/2026 | Libro |